000 00474nam a22001577a 4500
003 OSt
005 20251208123851.0
008 251208b |||||||| |||| 00| 0 eng d
020 _a0-19-503396 -5
040 _cOutspan Global University
050 _aRJ243.5
_b.W44
100 _aRobert Weir
_eeditor
245 _aSelective Nontreatment of Handicapped Newborns
_cby Weir Robert
260 _aUnited States of America
_bOxford University Press,Inc
_c1984
942 _2lcc
_cBK
_n0
999 _c3411
_d3411